00792nam a2200265Ia 4500001000900000003000500009005001700014008004100031010001100072020002200083040000900105082002000114100001700134245006900151260007100220300001400291440006600305503000700371504003100378650002000409650003000429650001900459650001800478700003000496dia_3344CHAP20230331093910.0220117s2010 xx 000 0 und d a173816 a978-0-521-54866-3 cCHAP a519.54 Y64 2010 aYoung, G. A. aEssentials of statistical inference /c G.A. Young y R.L. Smith aEstados Unidos de América :b Cambridge University Press,c2010 ax, 225 p. aCambridge series in statistical and probabilistic mathematics aC. aBibliografía: p. 218-222 aEstadística  aMathematical statistics  aProbabilidad  aProbabilities aSmith, Richard L., coaut.